| 000 | 01143nab a22002177a 4500 | ||
|---|---|---|---|
| 999 |
_c6088 _d6088 |
||
| 003 | OSt | ||
| 005 | 20260121200929.0 | ||
| 008 | 190502c xxu||||| |||| 00| 0 spa d | ||
| 040 | _cPJ | ||
| 100 |
_96862 _aFondevila, Felipe M. |
||
| 245 | 1 | 0 |
_aAgravantes del robo : _brobo calificado por el resultado de lesiones, con armas, en despoblado, en banda y perpetrado con perforación o fractura / _cFelipe M. Fondevila. |
| 260 |
_aCiudad Autónoma de Buenos Aires : _bThomson Reuters La Ley, _c2024. |
||
| 300 | _ap. 23-39 | ||
| 505 | _aSumario: I. Robo calificado por el resultado de lesiones.— II. Robo agravado por el uso de armas.— III. Robo en despoblado.— IV. Robo en banda.— V. Robo perpetrado con perforación o fractura en un lugar habitado o sus dependencias inmediatas. | ||
| 505 | _t¿Te interesa el texto completo? Solicitalo al correo: koha@justierradelfuego.gov.ar | ||
| 650 | 0 |
_9343 _aDERECHO PENAL |
|
| 650 | 0 |
_93183 _aROBO |
|
| 650 | 0 |
_93144 _aROBO CALIFICADO |
|
| 773 | 0 |
_02729 _93180 _dBuenos Aires : LexisNexis, 2006- _tRevista de derecho penal y procesal penal. Nº 8 - Agosto 2024 _z9875920622 |
|
| 942 |
_2udc _cANA |
||